000 00849nam a2200241 a 4500
005 20090907114819.0
008 060731s1999 nyua b 000 0 eng d
010 _aB-357080
020 _c60.00
_a9788126419227
035 _aB-357080
037 _bDBAD / PUB
040 _adpl
_bEnglish
082 _aS
100 _aGeorge, Shwetha E.
245 _aFolktales Panna /
_cretold by Shwetha E. George; illustrated by Minesh Kumar
260 _aKerala
_bDC Books
_c2008
270 _aDC Kizhakemuri Edam, Good Shepherd Street, Kottayam
_bKerala
_e686001
300 _a29p.:
_c22cm(pbk)
_bcol. ill
650 _2Folktales
700 _aMinesh Kumar
942 _2ddc
_cCH
_mGEO
_hS
999 _c30118
_d30118